| 000 | 00710cam a22002533a 4500 | ||
|---|---|---|---|
| 001 | 17533 | ||
| 003 | PGUSA | ||
| 005 | 20140828083356.0 | ||
| 008 | 060116s2006||||xxu|||||s|||||000 1 eng d | ||
| 040 |
_aPGUSA _beng |
||
| 042 | _adc | ||
| 050 | 4 | _aPQ | |
| 100 | 1 |
_aZola, Émile, _d1840-1902 |
|
| 245 | 1 | 0 |
_aLe rêve _h[electronic resource] / _cÉmile Zola |
| 260 |
_bProject Gutenberg, _c2006 |
||
| 506 | _aPublic domain in the USA. | ||
| 516 | _aElectronic text | ||
| 653 | _aDreams -- Fiction | ||
| 653 | _aChristian life -- Fiction | ||
| 653 | _aFrance -- Social life and customs -- Fiction | ||
| 830 | 0 |
_aProject Gutenberg _v17533 |
|
| 856 | 4 | 0 | _uhttp://www.gutenberg.org/ebooks/17533 |
| 942 | _cEB | ||
| 999 |
_c246788 _d246788 |
||